Muldoon v Mays of Lilliput Ltd (Record no. 41972)

MARC details
000 -LEADER
fixed length control field 01489cab a2200265 4500
001 - CONTROL NUMBER
control field ABS48496
008 - FIXED-LENGTH DATA ELEMENTS--GENERAL INFORMATION
fixed length control field 090401t1993 xxu||||| |||| 00| 0 eng d
035 ## - SYSTEM CONTROL NUMBER
System control number (Sirsi) u67097
041 ## - LANGUAGE CODE
Language code of text/sound track or separate title eng
245 ## - TITLE STATEMENT
Title Muldoon v Mays of Lilliput Ltd
260 ## - PUBLICATION, DISTRIBUTION, ETC.
Date of publication, distribution, etc. 1993
350 ## - PRICE (NR) (BK AM CF MU VM SE) [OBSOLETE]
Price 0
490 ## - SERIES STATEMENT
Series statement Estates Gazette
Volume/sequential designation 1993 14 EG 100-104(5)
520 ## - SUMMARY, ETC.
Summary, etc. QBD 4 November 1992. Claim by plaintiff Muldoon (X) for damages against Mays (Y) relating to alleged negligent advice over valuation of property for sale purposes. In May 1988 Y valued the property at £125,000 and X contracted to sell the property to a Mr and Mrs Scanlon for this sum. The offer was accepted on 27 May with exchange of contracts between X and vendor taking place on 1 July 1988 with completion due on 11 July 1988. After exchanging contracts X learnt of possible development in the area which might give properties a higher value and alleges that the true minimum market value of his property should have been £173,000. Action dismissed on the grounds that there was no evidence that a competent surveyor exercising reasonable care and skill would have arrived at a valuation over and above the £125,000 bracket.
650 ## - SUBJECT ADDED ENTRY--TOPICAL TERM
Topical term or geographic name entry element DUTY OF CARE
650 ## - SUBJECT ADDED ENTRY--TOPICAL TERM
Topical term or geographic name entry element HOUSE PRICES
650 ## - SUBJECT ADDED ENTRY--TOPICAL TERM
Topical term or geographic name entry element NEGLIGENCE
650 ## - SUBJECT ADDED ENTRY--TOPICAL TERM
Topical term or geographic name entry element REASONABLE CARE
650 ## - SUBJECT ADDED ENTRY--TOPICAL TERM
Topical term or geographic name entry element UNDER-VALUATION
650 ## - SUBJECT ADDED ENTRY--TOPICAL TERM
Topical term or geographic name entry element Valuation
9 (RLIN) 6273
650 ## - SUBJECT ADDED ENTRY--TOPICAL TERM
Topical term or geographic name entry element VALUERS
690 ## - LOCAL SUBJECT ADDED ENTRY--TOPICAL TERM (OCLC, RLIN)
Topical term or geographic name as entry element MANAGEMENT-BUSINESS MANAGEMENT-PROFESSIONAL PRACTICE
942 ## - ADDED ENTRY ELEMENTS (KOHA)
Suppress in OPAC 0
948 ## - LOCAL PROCESSING INFORMATION (OCLC); SERIES PART DESIGNATOR (RLIN)
c (OCLC) 04/03/1997
Holdings
Withdrawn status Lost status Source of classification or shelving scheme Damaged status Not for loan Home library Current library Shelving location Date acquired Total Checkouts Full call number Barcode Date last seen Copy number Price effective from Koha item type
    Dewey Decimal Classification     London London Journal article 14/09/1999   ABS48496 67097-1001 06/08/2019 1 06/08/2019 Law report